00809nam a2200181Ia 4500003000900000008004100009020002600050040001600076100003200092245012800124260003200252300002000284490003300304856010300337942000700440999001700447952016300464IN-BaIIA211028s9999 xx s 000 0 eng d a9780819478993 (Print) cIIA Library aYoshizawa, Toru, ed.941269 0a2009 International Conference on Optical Instruments and Technology: Optoelectronic Imaging and Process Technologyh[eBook] aWashington, USAbSPIEc2009 aOnline resource aProceedings of SPIE; V. 7513 uhttps://www.spiedigitallibrary.org/conference-proceedings-of-spie/7513yClick Here to Access eBook cEB c22643d22643 00104070aBANbBANd2011-07-01eSPIEhV. 7513l0pEB2103r2021-11-05uhttps://www.spiedigitallibrary.org/conference-proceedings-of-spie/7513w2021-11-05yEB